Normal view
MARC view
- Waterman, Norman A
Entry Personal Name
001 - CONTROL NUMBER
- control field: 81330
003 - CONTROL NUMBER IDENTIFIER
- control field: NUST
005 - DATE AND TIME OF LATEST TRANSACTION
- control field: 20210809143958.0
008 - FIXED-LENGTH DATA ELEMENTS
- fixed length control field: 210809|| aca||aabn | a|a d
040 ## - CATALOGING SOURCE
- Original cataloging agency: NUST
- Transcribing agency: NUST
100 ## - HEADING--PERSONAL NAME
- Personal name: Waterman, Norman A
670 ## - SOURCE DATA FOUND
- Source citation: Work cat.: (NUST)32505: The materials selector /, 1997.
